[Event "13th Asia-ch"]
[Site "Al-Ain UAE"]
[Date "2015.08.04"]
[Round "3"]
[White "Xu Yinglun"]
[Black "Zhang Zhong"]
[Result "1/2-1/2"]
[WhiteElo "2463"]
[BlackElo "2628"]
[EventDate "2015.08.02"]
[PlyCount "81"]

1.d4 Nf6 2.c4 e6 3.Nf3 b6 4.g3 Ba6 5.Qa4 Bb7 6.Bg2 c5 7.O-O Be7 8.Nc3 O-O 
9.Rd1 cxd4 10.Nxd4 Bxg2 11.Kxg2 Qc8 12.Bf4 Qb7+ 13.f3 a6 14.e4 d6 15.Be3 
Rc8 16.Rac1 Nbd7 17.Qb3 Rab8 18.a4 Ne5 19.Nb1 Nfd7 20.Qa2 Nc5 21.Rc3 g5 
22.h3 h5 23.b4 g4 24.bxc5 bxc5 25.Nb3 gxf3+ 26.Kh2 Nxc4 27.Bf2 Qxe4 28.Re1
Qd5 29.Qc2 Ne5 30.N1d2 Rb4 31.Ree3 Rcb8 32.Re4 c4 33.Nxc4 Rxb3 34.Rxb3 
Rxb3 35.Rxe5 dxe5 36.Qxb3 Bc5 37.Qb8+ Kh7 38.Qc7 Bxf2 39.Qxf7+ Kh6 40.Qf6+
Kh7 41.Qf7+ 1/2-1/2

[Event "13th Asia-ch"]
[Site "Al-Ain UAE"]
[Date "2015.08.04"]
[Round "3"]
[White "Sengupta, Deep"]
[Black "Tologontegin, Semetey"]
[Result "1-0"]
[WhiteElo "2594"]
[BlackElo "2390"]
[EventDate "2015.08.02"]
[PlyCount "91"]

1.e4 d5 2.exd5 Qxd5 3.Nc3 Qd8 4.d4 Nf6 5.Bc4 c6 6.Nf3 Bf5 7.Ne5 e6 8.Bb3 
Nbd7 9.Qe2 Nxe5 10.dxe5 Nd7 11.O-O Qh4 12.f4 Bc5+ 13.Be3 Bxe3+ 14.Qxe3 Nb6
15.Ne2 O-O 16.Ng3 Qe7 17.Rad1 Rad8 18.h3 g6 19.Nh1 h5 20.Nf2 h4 21.c3 c5 
22.Qe2 Rxd1 23.Rxd1 Rd8 24.Kh2 Kg7 25.a4 Rxd1 26.Nxd1 Nd5 27.Bxd5 exd5 28.
Ne3 d4 29.Nc4 Qd7 30.Nd6 Qxa4 31.Qf2 d3 32.Qxh4 d2 33.Qf6+ Kh7 34.Qxf7+ 
Kh8 35.Qf6+ Kh7 36.Qh4+ Kg8 37.Qd8+ Kh7 38.Nxf5 gxf5 39.Qxd2 Qe4 40.Qd7+ 
Kg8 41.Qe6+ Kf8 42.Qh6+ Kf7 43.h4 b5 44.h5 a5 45.Qg5 b4 46.h6 1-0

[Event "13th Asia-ch"]
[Site "Al-Ain UAE"]
[Date "2015.08.04"]
[Round "3"]
[White "Rathnakaran, Kantholi"]
[Black "Humpy, Koneru"]
[Result "1/2-1/2"]
[WhiteElo "2417"]
[BlackElo "2585"]
[EventDate "2015.08.02"]
[PlyCount "85"]

1.e4 e6 2.d4 d5 3.Nc3 Nf6 4.e5 Nfd7 5.f4 c5 6.Nf3 Nc6 7.Ne2 Qb6 8.c3 a5 9.
g3 a4 10.Bh3 a3 11.b3 g6 12.O-O Be7 13.Kh1 cxd4 14.cxd4 Ndb8 15.Nc3 Bd7 
16.Rf2 Bb4 17.Na4 Qa7 18.Rc2 Na6 19.Be3 Be7 20.Bf1 Ncb4 21.Rf2 Rc8 22.Rc1 
O-O 23.h4 Rxc1 24.Bxc1 Rc8 25.Bxa3 b5 26.Nb2 Nc5 27.Bxb4 Ne4 28.Be1 Nxf2+ 
29.Bxf2 Qxa2 30.Nd3 Rc2 31.Kg1 Qxb3 32.Nfe1 Rc3 33.Qe2 b4 34.h5 Bb5 35.
hxg6 hxg6 36.g4 Qc4 37.Qd2 b3 38.f5 exf5 39.gxf5 Qc8 40.Nc5 Rxc5 41.dxc5 
Bxf1 42.Kxf1 Qxf5 43.Nd3 1/2-1/2

[Event "13th Asia-ch"]
[Site "Al-Ain UAE"]
[Date "2015.08.04"]
[Round "3"]
[White "Nezad, Husein Aziz"]
[Black "Gopal, Geetha Narayanan"]
[Result "1/2-1/2"]
[WhiteElo "2404"]
[BlackElo "2562"]
[EventDate "2015.08.02"]
[PlyCount "44"]

1.d4 Nf6 2.c4 g6 3.Nc3 d5 4.Bg5 Ne4 5.Bh4 Nxc3 6.bxc3 dxc4 7.e3 Be6 8.Be2 
Nd7 9.Nf3 Bg7 10.O-O Nb6 11.a4 a5 12.Nd2 O-O 13.Bf3 c5 14.Rb1 cxd4 15.cxd4
Nd5 16.Rxb7 Qc8 17.Rb2 Ra7 18.Rc2 Nb4 19.Rc3 Na2 20.Rc2 Nb4 21.Rc3 Na2 22.
Rc2 Nb4 1/2-1/2

[Event "13th Asia-ch"]
[Site "Al-Ain UAE"]
[Date "2015.08.04"]
[Round "3"]
[White "Harika, Dronavalli"]
[Black "Xu Yi"]
[Result "1-0"]
[WhiteElo "2509"]
[BlackElo "2365"]
[EventDate "2015.08.02"]
[PlyCount "159"]

1.d4 Nf6 2.Bg5 d5 3.e3 Ne4 4.Bf4 c5 5.Bd3 Qb6 6.Bxe4 dxe4 7.Nc3 Qxb2 8.
Nge2 Bg4 9.O-O Qxc3 10.Nxc3 Bxd1 11.Rfxd1 cxd4 12.exd4 Nc6 13.Nxe4 Na5 14.
Re1 O-O-O 15.Ng5 Rxd4 16.Be3 Rc4 17.Nxf7 Rg8 18.Ne5 Ra4 19.Bxa7 g5 20.Rad1
Rxa2 21.Bb6 Bg7 22.Bxa5 Rxa5 23.Nc4 Rc5 24.Nb6+ Kc7 25.Nd5+ Kb8 26.Rxe7 
Rxc2 27.g3 h5 28.Rf7 Bb2 29.Rd3 Rg7 30.Rf8+ Rc8 31.Rf5 Rc5 32.Kg2 b5 33.
Rb3 Bd4 34.Rb4 Bc3 35.Rf8+ Ka7 36.Nxc3 Rxc3 37.Rxb5 Rc6 38.Rff5 Rcg6 39.h3
Ka6 40.Rb8 Rh7 41.Rff8 g4 42.h4 Rgh6 43.Rf5 Ka7 44.Rbb5 Ka8 45.f3 gxf3+ 
46.Rxf3 Ra6 47.Kh3 Ka7 48.Rbf5 Rah6 49.Rb3 Rb6 50.Rfb5 Ra6 51.R3b4 Ra2 52.
Rb6 Ka8 53.R4b5 Rb7 54.Rb3 Ra1 55.Rb2 Ra3 56.Kh2 Ra1 57.R6b5 Rh7 58.Rf5 
Ra6 59.Kh3 Ka7 60.Rfb5 Ka8 61.Rb6 Ra3 62.Rg6 Ra5 63.Rbb6 Ka7 64.Rb4 Ka8 
65.Rg8+ Ka7 66.Rbb8 Rd5 67.Rb4 Ra5 68.Rg5 Ra6 69.Rf5 Ka8 70.Rbf4 Rah6 71.
Rf6 Rxf6 72.Rxf6 Kb7 73.g4 hxg4+ 74.Kxg4 Kc8 75.Ra6 Rg7+ 76.Kf5 Kd8 77.h5 
Rg1 78.h6 Ke7 79.h7 Rh1 80.Ra8 1-0

[Event "13th Asia-ch"]
[Site "Al-Ain UAE"]
[Date "2015.08.04"]
[Round "3"]
[White "Nitin, Senthilvel"]
[Black "Nguyen Huynh Minh Huy"]
[Result "1/2-1/2"]
[WhiteElo "2404"]
[BlackElo "2496"]
[EventDate "2015.08.02"]
[PlyCount "83"]

1.e4 c5 2.Nf3 d6 3.d4 cxd4 4.Qxd4 Nc6 5.Bb5 Bd7 6.Qd3 g6 7.O-O Bg7 8.c4 
Nf6 9.h3 O-O 10.Nc3 Rc8 11.Be3 a6 12.Bxc6 Bxc6 13.Nd4 Nd7 14.Rac1 Nc5 15.
Qc2 Qe8 16.Nxc6 Rxc6 17.b4 Nd7 18.Qb3 e6 19.Rfd1 Qe7 20.Ne2 Rfc8 21.a4 Ne5
22.c5 dxc5 23.Rxc5 Rxc5 24.Bxc5 Qe8 25.a5 Rd8 26.f4 Nc6 27.e5 Rxd1+ 28.
Qxd1 Bf8 29.Nc3 Nxb4 30.Bxf8 Qxf8 31.Qd7 Qc5+ 32.Kh2 Nd5 33.Nxd5 Qxd5 34.
Qxd5 exd5 35.g4 Kf8 36.Kg3 Ke7 37.f5 f6 38.e6 g5 39.Kf3 Kd6 40.Ke3 Kc6 41.
Kd4 Kd6 42.Kd3 1/2-1/2

[Event "13th Asia-ch"]
[Site "Al-Ain UAE"]
[Date "2015.08.04"]
[Round "3"]
[White "Saiyn, Zhanat"]
[Black "Gundavaa, Bayarsaihan"]
[Result "1/2-1/2"]
[WhiteElo "2404"]
[BlackElo "2492"]
[EventDate "2015.08.02"]
[PlyCount "146"]

1.d4 f5 2.c4 Nf6 3.g3 e6 4.Bg2 c6 5.Nf3 d5 6.O-O Bd6 7.Qc2 O-O 8.Nc3 Ne4 
9.Nxe4 dxe4 10.Ne1 Nd7 11.f3 exf3 12.Nxf3 Nf6 13.Bf4 Qe7 14.c5 Bxf4 15.
gxf4 Bd7 16.Ne5 Be8 17.b4 Kh8 18.e3 Ng4 19.Nxg4 fxg4 20.Qf2 a5 21.a3 g5 
22.Qe2 gxf4 23.exf4 Bg6 24.b5 Qd7 25.Qe5+ Kg8 26.bxc6 bxc6 27.Rfe1 Bf5 28.
Rad1 Rab8 29.d5 exd5 30.Rxd5 Qf7 31.Rdd1 Rbc8 32.Qd6 Bg6 33.Bxc6 Qxf4 34.
Bd5+ Kh8 35.Qxf4 Rxf4 36.c6 Kg7 37.Re7+ Kf6 38.Rd7 Be4 39.Rc1 Bxd5 40.Rxd5
Ke6 41.Rxa5 Kd6 42.Rh5 Rf6 43.Rhc5 Kc7 44.Rg5 Kb6 45.Rb1+ Kxc6 46.Rc1+ Kb7
47.Rxc8 Kxc8 48.Rxg4 h6 49.Kg2 Rc6 50.a4 Rc2+ 51.Kg3 Kd7 52.Rh4 Ra2 53.Re4
Kd6 54.h3 Ra3+ 55.Kg4 h5+ 56.Kh4 Kd5 57.Re1 Kd6 58.Re8 Rxa4+ 59.Kxh5 Kd7 
60.Re1 Ra8 61.Kg6 Rh8 62.Re3 Kd6 63.Kg7 Rh4 64.Kf6 Kd7 65.Kg5 Rh8 66.h4 
Re8 67.Rf3 Ke7 68.Kg6 Rg8+ 69.Kh7 Rg4 70.h5 Rg1 71.h6 Rg2 72.Rf1 Rg3 73.
Ra1 Kf7 1/2-1/2

[Event "13th Asia-ch"]
[Site "Al-Ain UAE"]
[Date "2015.08.04"]
[Round "3"]
[White "Das, Debashis"]
[Black "Yuan Qingyu"]
[Result "0-1"]
[WhiteElo "2489"]
[BlackElo "2359"]
[EventDate "2015.08.02"]
[PlyCount "90"]

1.d4 Nf6 2.c4 e6 3.Nc3 Bb4 4.Qc2 O-O 5.a3 Bxc3+ 6.Qxc3 d6 7.f3 c5 8.dxc5 
dxc5 9.Bf4 Nc6 10.Rd1 Qb6 11.e3 e5 12.Bg5 Bf5 13.Ne2 Rad8 14.Rxd8 Rxd8 15.
Nc1 Qa5 16.Qxa5 Nxa5 17.Be2 h6 18.Bh4 Rd6 19.O-O Nd7 20.Be1 Nc6 21.Kf2 Kf8
22.g4 Bc2 23.Na2 Nb6 24.Nc3 Rd8 25.Rg1 f6 26.h4 Bb3 27.g5 hxg5 28.hxg5 f5 
29.e4 f4 30.Nd5 Nxc4 31.Bc3 Nb6 32.Nxb6 axb6 33.g6 Ke7 34.Rg5 Kf6 35.Rg2 
Nd4 36.Bf1 Rh8 37.Rg1 Rh2+ 38.Bg2 Kxg6 39.Rh1 Rxh1 40.Bxh1 Kh5 41.Bg2 Kh4 
42.Bf1 g5 43.Bd3 Kh3 44.Bf1+ Kh2 45.Bd3 Bd1 0-1

[Event "13th Asia-ch"]
[Site "Al-Ain UAE"]
[Date "2015.08.04"]
[Round "3"]
[White "Li Di"]
[Black "Batchuluun, Cegmed"]
[Result "1/2-1/2"]
[WhiteElo "2384"]
[BlackElo "2485"]
[EventDate "2015.08.02"]
[PlyCount "75"]

1.c4 c5 2.g3 Nc6 3.Bg2 g6 4.Nf3 Bg7 5.Nc3 Nh6 6.O-O Nf5 7.a3 O-O 8.b4 cxb4
9.axb4 Nxb4 10.d4 Nc6 11.Nb5 a6 12.e4 Nh6 13.h3 d6 14.Be3 f5 15.e5 dxe5 
16.Nxe5 Bd7 17.Nc3 Nxe5 18.dxe5 Bc6 19.Bxc6 bxc6 20.f4 Nf7 21.Na4 Qxd1 22.
Rfxd1 Rfd8 23.Bb6 Rxd1+ 24.Rxd1 g5 25.Kf2 Bh6 26.Kf3 gxf4 27.gxf4 Nh8 28.
h4 Ng6 29.h5 Nf8 30.Nc5 Kf7 31.Rb1 a5 32.Ra1 Ne6 33.Nxe6 Kxe6 34.Rxa5 Rxa5
35.Bxa5 Kd7 36.Bb4 e6 37.Ke3 Ke8 38.Bc5 1/2-1/2

[Event "13th Asia-ch"]
[Site "Al-Ain UAE"]
[Date "2015.08.04"]
[Round "3"]
[White "Venkatesh, Marani Rajendran"]
[Black "Chu Wei Chao"]
[Result "0-1"]
[WhiteElo "2484"]
[BlackElo "2318"]
[EventDate "2015.08.02"]
[PlyCount "78"]

1.b3 d5 2.Bb2 c5 3.e3 Nc6 4.Nf3 Bg4 5.Bb5 Nf6 6.O-O e6 7.Bxc6+ bxc6 8.d3 
Be7 9.Nbd2 O-O 10.h3 Bh5 11.g4 Bg6 12.Ne5 Bd6 13.f4 Nd7 14.Nxd7 Qxd7 15.h4
f6 16.Rf2 Bf7 17.g5 fxg5 18.hxg5 Bg6 19.Qg4 Rf7 20.Nf3 d4 21.Bc1 Raf8 22.
Nh4 dxe3 23.Bxe3 Bxf4 24.Bxc5 Qd5 25.b4 Qe5 26.Raf1 Be3 27.Bxe3 Qxe3 28.
Ng2 Qxf2+ 29.Rxf2 Rxf2 30.Qxe6+ Bf7 31.Qxc6 Rf5 32.c4 Rxg5 33.Qc7 Bg6 34.
Qd6 h6 35.c5 Rf3 36.c6 Rxd3 37.Qe6+ Bf7 38.Qe4 Rd1+ 39.Kh2 Bd5 0-1

[Event "13th Asia-ch"]
[Site "Al-Ain UAE"]
[Date "2015.08.04"]
[Round "3"]
[White "Liu Chang"]
[Black "Narayanan, Sunilduth Lyna"]
[Result "1/2-1/2"]
[WhiteElo "2353"]
[BlackElo "2481"]
[EventDate "2015.08.02"]
[PlyCount "117"]

1.d4 Nf6 2.Bg5 e6 3.e4 h6 4.Bxf6 Qxf6 5.Nf3 d6 6.Nc3 Nd7 7.Bd3 c6 8.e5 
dxe5 9.Ne4 Qd8 10.dxe5 Nxe5 11.Nxe5 Qa5+ 12.Qd2 Qxe5 13.O-O-O Bd7 14.Qe3 
c5 15.Rhe1 Be7 16.Bc4 Bg5 17.Nxg5 Qxe3+ 18.Rxe3 hxg5 19.Re5 Rxh2 20.Rxg5 
Bc6 21.Rxg7 Kf8 22.Rg4 Rxg2 23.Rxg2 Bxg2 24.Rd7 Bc6 25.Rc7 Rd8 26.c3 Rd6 
27.Be2 e5 28.b4 cxb4 29.cxb4 a6 30.a4 Rf6 31.b5 axb5 32.axb5 Bd5 33.Rc5 
Rd6 34.Kd2 f5 35.Rc7 f4 36.Kc3 Ke8 37.Rg7 Rd7 38.Bh5+ Kd8 39.Rg5 Re7 40.
Kb4 b6 41.Bg4 Kc7 42.Rg6 Be4 43.Rg8 Bd3 44.Rc8+ Kb7 45.Rf8 Rc7 46.Re8 Rc4+
47.Kb3 e4 48.Bf5 Rc5 49.Bxe4+ Bxe4 50.Re7+ Kc8 51.Rxe4 Rxb5+ 52.Kc4 Rf5 
53.Re7 Ra5 54.Rf7 Ra2 55.Kb5 Rxf2 56.Kxb6 Kd8 57.Kc5 Ke8 58.Rf5 Ke7 59.Kd5
1/2-1/2

[Event "13th Asia-ch"]
[Site "Al-Ain UAE"]
[Date "2015.08.04"]
[Round "3"]
[White "Lodhi, Mahmood"]
[Black "Tabatabaei, Mohammadamin"]
[Result "0-1"]
[WhiteElo "2310"]
[BlackElo "2458"]
[EventDate "2015.08.02"]
[PlyCount "58"]

1.d4 Nf6 2.Nf3 g6 3.g3 Bg7 4.Bg2 c5 5.O-O cxd4 6.Nxd4 O-O 7.c4 d5 8.Na3 e5
9.Nf3 e4 10.Nd4 dxc4 11.Nxc4 Qd5 12.Ne3 Qh5 13.Qc2 Bh3 14.Bd2 Nbd7 15.Rfd1
Rac8 16.Bc3 Rfe8 17.Bxh3 Qxh3 18.Nb5 Ne5 19.Nd4 Neg4 20.Nf1 Rc5 21.e3 Nd7 
22.Ne2 Nxh2 23.Nxh2 Rh5 24.Bxg7 Qxh2+ 25.Kf1 Kxg7 26.Qc3+ Ne5 27.Rd5 Qh3+ 
28.Ke1 Qh1+ 29.Kd2 Qxa1 0-1

[Event "13th Asia-ch"]
[Site "Al-Ain UAE"]
[Date "2015.08.04"]
[Round "3"]
[White "Lou Yiping"]
[Black "Asgarizadeh, Mohammad Reza"]
[Result "1-0"]
[WhiteElo "2454"]
[BlackElo "2276"]
[EventDate "2015.08.02"]
[PlyCount "69"]

1.d4 d5 2.c4 c6 3.Nc3 Nf6 4.e3 Bf5 5.cxd5 cxd5 6.Qb3 Bc8 7.Nf3 e6 8.Ne5 
Bd6 9.f4 O-O 10.Bd3 Nfd7 11.O-O f6 12.Nxd7 Qxd7 13.f5 Bc7 14.fxe6 Qd6 15.
g3 Bxe6 16.Bf5 Bf7 17.Qxb7 Qc6 18.Qxc6 Nxc6 19.Bd2 Rab8 20.b3 Ba5 21.Rac1 
g6 22.Nb1 Nb4 23.Rc5 gxf5 24.Rxa5 Rfc8 25.Nc3 a6 26.Rxf5 Kg7 27.Rf1 Rc6 
28.Rc5 Rxc5 29.dxc5 Nd3 30.Na4 Be8 31.Bc3 Bxa4 32.Rxf6 Kg8 33.bxa4 a5 34.
c6 Rb1+ 35.Rf1 1-0

[Event "13th Asia-ch"]
[Site "Al-Ain UAE"]
[Date "2015.08.04"]
[Round "3"]
[White "Hossain, Enamul"]
[Black "Xu Xiangyu"]
[Result "1-0"]
[WhiteElo "2436"]
[BlackElo "2257"]
[EventDate "2015.08.02"]
[PlyCount "81"]

1.e4 c5 2.c3 Nf6 3.e5 Nd5 4.Nf3 d6 5.Bc4 e6 6.d4 Nb6 7.Bd3 cxd4 8.cxd4 
dxe5 9.dxe5 Na6 10.O-O Nc5 11.Bb5+ Bd7 12.Nc3 Bxb5 13.Nxb5 a6 14.Nd6+ Bxd6
15.exd6 Rc8 16.Be3 O-O 17.Rc1 Nbd7 18.b4 Ne4 19.Qd4 Ndf6 20.Bf4 Qd7 21.h3 
Qa4 22.Rfe1 Rc6 23.Rxc6 Qxc6 24.d7 Rd8 25.Ne5 Qd6 26.Qc4 Qe7 27.Rd1 Nd5 
28.Qxe4 Nc3 29.Qxb7 Nxd1 30.Qc8 g5 31.Bd2 Qf6 32.Ng4 Qe7 33.Ne5 Qf6 34.f3 
Kg7 35.Nc6 Qb2 36.Bxg5 Qf2+ 37.Kh2 Ne3 38.Bxe3 Qxe3 39.Qxd8 Qf4+ 40.Kg1 
Qe3+ 41.Kf1 1-0

[Event "13th Asia-ch"]
[Site "Al-Ain UAE"]
[Date "2015.08.04"]
[Round "3"]
[White "Said, Ishaq"]
[Black "Kostenko, Petr"]
[Result "0-1"]
[WhiteElo "2252"]
[BlackElo "2431"]
[EventDate "2015.08.02"]
[PlyCount "118"]

1.d4 e6 2.c4 f5 3.g3 Nf6 4.Bg2 d5 5.Nf3 Bd6 6.O-O O-O 7.Nc3 c6 8.Qc2 Bd7 
9.Rb1 Be8 10.Ng5 Qd7 11.Qb3 Bg6 12.c5 Be7 13.Na4 Na6 14.Nxe6 Qxe6 15.Qxb7 
f4 16.Bxf4 Bxb1 17.Rxb1 Qc8 18.Qxe7 Re8 19.Qd6 Ne4 20.Bxe4 Rxe4 21.Be3 Qe8
22.Nc3 Rd8 23.Nxe4 Rxd6 24.Nxd6 Qg6 25.Re1 Nb4 26.f4 Nxa2 27.f5 Qh5 28.Ra1
Qxe2 29.Bf2 Qxb2 30.Re1 h5 31.Re8+ Kh7 32.Nf7 g5 33.Nxg5+ Kg7 34.Ne6+ Kf6 
35.g4 Qb1+ 36.Kg2 Qe4+ 37.Kf1 Qxg4 38.Rf8+ Ke7 39.Bg3 Qf3+ 40.Kg1 Qe3+ 41.
Bf2 Qe4 42.Bg3 Qxe6 43.fxe6 Kxf8 44.Bd6+ Ke8 45.Kf2 Nc3 46.Ke3 Nb5 47.Kd3 
a5 48.e7 a4 49.Be5 Kxe7 50.h3 Ke6 51.Bg7 Kf5 52.Bh6 a3 53.Bc1 a2 54.Bb2 
Kf4 55.h4 Kg4 56.Ke3 Na3 57.Kd3 Kxh4 58.Kc3 Kg4 59.Kb3 Nc4 0-1

[Event "13th Asia-ch"]
[Site "Al-Ain UAE"]
[Date "2015.08.04"]
[Round "3"]
[White "Karthikeyan, Pandian"]
[Black "Anuruddha, Galappaththi Chinthaka"]
[Result "1-0"]
[WhiteElo "2426"]
[BlackElo "2066"]
[EventDate "2015.08.02"]
[PlyCount "67"]

1.d4 d6 2.Nf3 g6 3.c4 Bg7 4.Nc3 Nf6 5.g3 O-O 6.Bg2 Nc6 7.O-O Bg4 8.h3 Bxf3
9.Bxf3 Nd7 10.e3 e5 11.d5 Ne7 12.e4 f5 13.Bd2 Nf6 14.Rc1 c5 15.dxc6 bxc6 
16.b4 d5 17.cxd5 cxd5 18.exd5 e4 19.Be2 Nexd5 20.Nxd5 Nxd5 21.Qb3 Kh8 22.
Rfd1 Nb6 23.a4 Rc8 24.a5 Nd7 25.Bc3 Qe7 26.Bxg7+ Qxg7 27.Rxc8 Rxc8 28.Qe6 
Rc7 29.Bc4 h6 30.Rxd7 Rxd7 31.Qe8+ Kh7 32.Bg8+ Qxg8 33.Qxd7+ Kh8 34.Qd4+ 
1-0

[Event "13th Asia-ch"]
[Site "Al-Ain UAE"]
[Date "2015.08.04"]
[Round "3"]
[White "Al-Attar, Rakan"]
[Black "Sharavdorj, Dashzeveg"]
[Result "1-0"]
[WhiteElo "2012"]
[BlackElo "2423"]
[EventDate "2015.08.02"]
[PlyCount "77"]

1.e4 e6 2.Nf3 c5 3.g3 Nc6 4.Bg2 Nf6 5.d3 Be7 6.O-O O-O 7.e5 Ng4 8.Re1 f6 
9.exf6 Nxf6 10.Nc3 d6 11.Ng5 Nd4 12.Ne2 e5 13.Nxd4 cxd4 14.c3 Kh8 15.Qb3 
Qe8 16.cxd4 Qh5 17.h3 Ng8 18.g4 Qh4 19.Nf7+ Rxf7 20.Qxf7 Bxg4 21.Bg5 Qxg5 
22.hxg4 Rf8 23.Qh5 Qf4 24.Re2 Qxd4 25.Be4 Nf6 26.Qh3 d5 27.Bf5 Bc5 28.g5 
Nh5 29.g6 Nf6 30.Kg2 Qf4 31.Rh1 h6 32.Qf3 Qg5+ 33.Kf1 e4 34.dxe4 Nxe4 35.
Qg4 Qxf5 36.Rxh6+ gxh6 37.g7+ Kh7 38.g8=Q+ Rxg8 39.Qxf5+ 1-0

[Event "13th Asia-ch"]
[Site "Al-Ain UAE"]
[Date "2015.08.04"]
[Round "3"]
[White "Pascua, Haridas"]
[Black "Shrestha, Keshav"]
[Result "1/2-1/2"]
[WhiteElo "2447"]
[BlackElo "2118"]
[EventDate "2015.08.02"]
[PlyCount "113"]

1.Nf3 d5 2.g3 Nf6 3.Bg2 e6 4.O-O Be7 5.d3 O-O 6.Nbd2 c6 7.e4 Nbd7 8.e5 Ne8
9.Re1 Nc7 10.c3 f6 11.exf6 Bxf6 12.d4 Re8 13.Ne5 Nxe5 14.dxe5 Be7 15.Qh5 
Rf8 16.Nf3 Rf5 17.Qg4 Qf8 18.Nd4 Rf7 19.f4 Bd7 20.Be3 c5 21.Nf3 Bc6 22.
Rad1 Rd8 23.Rf1 Bb5 24.Rf2 Bc6 25.h4 Rf5 26.Rfd2 Be8 27.Qh3 h6 28.g4 Rf7 
29.Ne1 Bc6 30.Rf2 d4 31.cxd4 cxd4 32.Rxd4 Rxd4 33.Bxd4 Rxf4 34.Bxa7 Rxf2 
35.Bxf2 Bc5 36.Qg3 Bxf2+ 37.Qxf2 Qb4 38.Bxc6 bxc6 39.Qe2 Qd4+ 40.Kh2 Nd5 
41.Ng2 c5 42.g5 hxg5 43.hxg5 g6 44.Kg3 Kg7 45.Kf3 c4 46.a4 c3 47.bxc3 Nxc3
48.Qe3 Qxe3+ 49.Kxe3 Nxa4 50.Kd4 Nb2 51.Kc5 Nd1 52.Nf4 Kf7 53.Kd6 Ne3 54.
Kd7 Nc4 55.Nd3 Nb6+ 56.Kc6 Nc4 57.Kd7 1/2-1/2

[Event "13th Asia-ch"]
[Site "Al-Ain UAE"]
[Date "2015.08.04"]
[Round "3"]
[White "Al-Rakib, Abdullah"]
[Black "Iyti, Basher"]
[Result "1-0"]
[WhiteElo "2473"]
[BlackElo "2305"]
[EventDate "2015.08.02"]
[PlyCount "97"]

1.d4 g6 2.c3 Nf6 3.Bg5 Bg7 4.Nd2 d5 5.e3 Nbd7 6.Ngf3 O-O 7.b4 Re8 8.Be2 e5
9.O-O e4 10.Ne1 h6 11.Bh4 c6 12.c4 Qe7 13.b5 g5 14.Bg3 Qe6 15.bxc6 bxc6 
16.Rc1 h5 17.Qa4 Nb6 18.Qa5 h4 19.Bc7 Bd7 20.c5 Nc8 21.Ba6 Ne7 22.Bb7 h3 
23.g3 Ng4 24.Bxa8 Rxa8 25.Nc2 f5 26.Rb1 f4 27.Rb8+ Rxb8 28.Bxb8 fxe3 29.
fxe3 Nxe3 30.Nxe3 Bxd4 31.Qd8+ Kh7 32.Re1 Bxc5 33.Nb3 Bb6 34.Bc7 c5 35.
Bxb6 axb6 36.Rf1 Bb5 37.Rf8 Ng6 38.Rf6 Qe8 39.Qxe8 Bxe8 40.Nxd5 Ne5 41.Nd2
Bg6 42.Rxb6 c4 43.Nf6+ Kh6 44.Nfxe4 Kh5 45.Rb5 Nf7 46.Nxg5 Nd6 47.Rc5 Kg4 
48.Ngf3 Bf5 49.Ne5+ 1-0

[Event "13th Asia-ch"]
[Site "Al-Ain UAE"]
[Date "2015.08.04"]
[Round "3"]
[White "Asgarizadeh, Ahmad"]
[Black "Wang Yiye"]
[Result "0-1"]
[WhiteElo "2407"]
[BlackElo "2439"]
[EventDate "2015.08.02"]
[PlyCount "109"]

1.e4 e6 2.d4 d5 3.Nc3 Bb4 4.e5 c5 5.a3 Bxc3+ 6.bxc3 Ne7 7.Qg4 Qc7 8.Qxg7 
Rg8 9.Qxh7 cxd4 10.Ne2 Nbc6 11.f4 dxc3 12.h4 Bd7 13.h5 O-O-O 14.Qd3 Nf5 
15.Rb1 d4 16.Rg1 Nh6 17.Nxd4 Nxd4 18.Qxd4 Bb5 19.Qxa7 Bxf1 20.Rxf1 Rxg2 
21.Rf3 Rdg8 22.Qa8+ Kd7 23.Rd3+ Ke7 24.Rxb7 Rxa8 25.Rxc7+ Kf8 26.Rdxc3 
Rg1+ 27.Kd2 Rg2+ 28.Ke3 Nf5+ 29.Kf3 Nh4+ 30.Ke4 Kg7 31.Rc8 Ra4+ 32.R8c4 
Ra5 33.Be3 Nf5 34.a4 Rd5 35.Bd4 Kh6 36.Rh3 Re2+ 37.Be3 Rd1 38.Rb4 Rh1 39.
Rf3 Rhe1 40.Rb3 Kxh5 41.a5 Rd2 42.Rd3 Rxc2 43.Rd8 Rc3 44.Rh8+ Kg6 45.Rhh3 
Rb1 46.Rfg3+ Nxg3+ 47.Rxg3+ Kh7 48.a6 Rb4+ 49.Kf3 Ra4 50.Rh3+ Kg8 51.Rh1 
Raa3 52.Re1 Rxa6 53.Rg1+ Kf8 54.Rh1 Ke7 55.Re1 0-1

[Event "13th Asia-ch"]
[Site "Al-Ain UAE"]
[Date "2015.08.04"]
[Round "3"]
[White "Salih Akar, Ali"]
[Black "Maghsoodloo, Parham"]
[Result "0-1"]
[WhiteElo "2359"]
[BlackElo "2416"]
[EventDate "2015.08.02"]
[PlyCount "76"]

1.e4 c5 2.Nf3 e6 3.d4 cxd4 4.Nxd4 a6 5.Nc3 Qc7 6.Be3 Bb4 7.Qd2 Nf6 8.f3 d5
9.O-O-O e5 10.exd5 Bxc3 11.bxc3 exd4 12.Bxd4 O-O 13.Bxf6 gxf6 14.Bd3 Kg7 
15.f4 Qd6 16.Qf2 Rh8 17.g4 Nd7 18.g5 Kf8 19.Rhe1 fxg5 20.fxg5 Ne5 21.Qd4 
Nxd3+ 22.Rxd3 Rg8 23.Rf3 Bd7 24.Rf6 Qa3+ 25.Kb1 Rxg5 26.Ref1 Be8 27.h4 Rg7
28.h5 Rd8 29.d6 Rg5 30.c4 Qg3 31.c5 Qe5 32.Qc4 Kg8 33.h6 Kh8 34.Qh4 Qxc5 
35.R6f5 Rxf5 36.Rxf5 Qg1+ 37.Kb2 Rxd6 38.Re5 Rb6+ 0-1

[Event "13th Asia-ch"]
[Site "Al-Ain UAE"]
[Date "2015.08.04"]
[Round "3"]
[White "Isaev, Jamshed"]
[Black "Baimurzin, Aitkazy"]
[Result "1-0"]
[WhiteElo "2300"]
[BlackElo "2096"]
[EventDate "2015.08.02"]
[PlyCount "75"]

1.e4 g6 2.d4 Bg7 3.Nc3 a6 4.f4 b5 5.Nf3 Bb7 6.Bd3 d6 7.e5 Nd7 8.a4 bxa4 9.
O-O c5 10.Be4 cxd4 11.Bxb7 Ra7 12.Qxd4 Rxb7 13.Qxa4 Qb8 14.Re1 Nh6 15.exd6
Qxd6 16.Qxa6 Qxa6 17.Rxa6 Nf5 18.Ne4 O-O 19.c3 h5 20.b4 Rc8 21.Bd2 Rbb8 
22.Rc1 Rc4 23.Ra7 Rd8 24.Ng3 Nxg3 25.hxg3 Bf6 26.Rb7 Nf8 27.Kf1 Ne6 28.Ke2
Re4+ 29.Be3 Rc4 30.Ne5 Bxe5 31.fxe5 Rd5 32.Rxe7 Rxe5 33.Re8+ Kh7 34.Kd2 
Rg4 35.Rf1 Rd5+ 36.Kc2 Rd7 37.Rf3 f5 38.Rxe6 1-0

[Event "13th Asia-ch"]
[Site "Al-Ain UAE"]
[Date "2015.08.04"]
[Round "3"]
[White "Nassar, Marwan"]
[Black "Ahmed, Abdul Sattar Wahab"]
[Result "0-1"]
[WhiteElo "2030"]
[BlackElo "2297"]
[EventDate "2015.08.02"]
[PlyCount "58"]

1.e4 c5 2.Nc3 e6 3.f4 d5 4.Nf3 dxe4 5.Nxe4 Nf6 6.Bb5+ Bd7 7.Bxd7+ Nbxd7 8.
Qe2 Be7 9.O-O O-O 10.d3 Rc8 11.Kh1 Qc7 12.Bd2 Rfe8 13.Rae1 Nd5 14.Nfg5 
N7f6 15.c4 Nxe4 16.dxe4 Bxg5 17.exd5 Bh4 18.g3 Bf6 19.f5 Bxb2 20.Rf4 Bd4 
21.Re4 e5 22.f6 Qd6 23.Rf1 b5 24.Qg4 g6 25.Bh6 bxc4 26.Bg7 Qxd5 27.Kg2 Rb8
28.Rf3 Rb2+ 29.Kf1 Rxh2 0-1

[Event "13th Asia-ch"]
[Site "Al-Ain UAE"]
[Date "2015.08.04"]
[Round "3"]
[White "Byambaa, Zulzaga"]
[Black "Hj Azahari, Md Aliuddin"]
[Result "1/2-1/2"]
[WhiteElo "2258"]
[BlackElo "2024"]
[EventDate "2015.08.02"]
[PlyCount "154"]

1.e4 d6 2.d4 Nf6 3.Nc3 e5 4.Nf3 Nbd7 5.Bc4 Be7 6.O-O O-O 7.Bb3 b6 8.a4 Bb7
9.Re1 a6 10.Bc4 c6 11.d5 Qc7 12.dxc6 Bxc6 13.b3 Nc5 14.Bd5 Rac8 15.Ba3 Bd7
16.Bc4 Bg4 17.h3 Be6 18.Nd5 Bxd5 19.Bxd5 Nxd5 20.Qxd5 Ne6 21.c4 Nf4 22.Qd1
Rfd8 23.Bc1 Ne6 24.Be3 Qc6 25.Qd5 Nc5 26.Bxc5 Qxd5 27.exd5 bxc5 28.g4 Rb8 
29.Ra3 Rd7 30.g5 Rdb7 31.Re3 g6 32.Kf1 Bd8 33.Ke2 Ba5 34.Kd1 Kg7 35.Kc2 h6
36.Ra1 h5 37.h4 Bb4 38.Nh2 Ba5 39.Nf1 Bd8 40.Ng3 f5 41.gxf6+ Bxf6 42.Rh1 
Rf7 43.Rf3 Rbf8 44.Ne4 Be7 45.Rxf7+ Rxf7 46.Rh3 Rf4 47.f3 Kf7 48.Kd3 Ke8 
49.Ke3 Kf7 50.Kf2 Ke8 51.Kg3 Kd7 52.Rh1 Kc7 53.a5 Kd7 54.Rh2 Bd8 55.Rh1 
Be7 56.Rh2 Bd8 57.Rh1 Be7 58.b4 cxb4 59.Rb1 Bxh4+ 60.Kg2 Bd8 61.Rxb4 Bxa5 
62.Ra4 Bc7 63.Rxa6 g5 64.c5 dxc5 65.Nxc5+ Ke7 66.Ne6 Rc4 67.Nxc7 g4 68.
fxg4 hxg4 69.Kg3 Rd4 70.Rh6 Kd7 71.Na8 Rb4 72.Rh7+ Kd6 73.Nc7 Rc4 74.Na8 
Rc3+ 75.Kxg4 Rc4+ 76.Kf3 Rb4 77.Nc7 Rc4 1/2-1/2

[Event "13th Asia-ch"]
[Site "Al-Ain UAE"]
[Date "2015.08.04"]
[Round "3"]
[White "Miswadah, Baha"]
[Black "Al-Hajiri, Bader"]
[Result "0-1"]
[WhiteElo "1855"]
[BlackElo "2238"]
[EventDate "2015.08.02"]
[PlyCount "80"]

1.e4 e5 2.Bc4 Nf6 3.d3 c6 4.Nf3 d5 5.exd5 cxd5 6.Bb3 Bd6 7.h3 O-O 8.O-O 
Nc6 9.Bg5 Be6 10.Re1 Qd7 11.Nbd2 a6 12.c3 Rae8 13.Bc2 Bb8 14.Nf1 Kh8 15.
Qd2 Ng8 16.Be3 f6 17.Bc5 Nge7 18.Ng3 Rg8 19.Qe2 Ng6 20.Be3 Nf4 21.Qf1 g5 
22.Nh2 h5 23.c4 h4 24.cxd5 hxg3 25.dxe6 gxh2+ 26.Kxh2 Nxe6 27.Kg1 Ncd4 28.
Bd1 Nf4 29.Bg4 f5 30.Bd1 Nxd3 31.Bxd4 Nxe1 32.Bc3 Nd3 33.Bb3 Rg6 34.Rd1 
Rd6 35.Qe2 Nf4 36.Bxe5+ Kh7 37.Bxf4 Rxe2 38.Bxd6 Bxd6 39.g3 Qe7 40.Rd4 
Rxf2 0-1

[Event "13th Asia-ch"]
[Site "Al-Ain UAE"]
[Date "2015.08.04"]
[Round "3"]
[White "Bayarmandakh, Balgan"]
[Black "Ezizov, Jumamuhammet"]
[Result "1-0"]
[WhiteElo "2225"]
[BlackElo "1789"]
[EventDate "2015.08.02"]
[PlyCount "148"]

1.d4 c6 2.c4 d5 3.Nf3 Nf6 4.Nc3 g6 5.cxd5 Nxd5 6.e4 Nxc3 7.bxc3 Bg7 8.Be2 
Bg4 9.O-O O-O 10.h3 Bxf3 11.Bxf3 c5 12.Be3 Qc7 13.Qb3 Nd7 14.Rab1 Rab8 15.
e5 c4 16.Qa3 b6 17.Qxe7 Rfe8 18.Qd6 Qxd6 19.exd6 Nf6 20.Bf4 Rbd8 21.Rfe1 
Bf8 22.Be5 Nd7 23.Bd5 b5 24.Rxb5 Bxd6 25.Bxc4 Bxe5 26.dxe5 Rc8 27.Bb3 Rxc3
28.e6 Kf8 29.Rb7 Nc5 30.Rxf7+ Kg8 31.Rxa7 Nxb3 32.axb3 Rxb3 33.Rd1 Rb6 34.
Rdd7 Rbxe6 35.Rg7+ Kh8 36.Rxh7+ Kg8 37.Kh2 Rf6 38.f3 Re2 39.Rhe7 Rc2 40.
Re8+ Rf8 41.Rxf8+ Kxf8 42.h4 Kg8 43.Kh3 Rc3 44.Kg4 Rc2 45.g3 Rc5 46.Kf4 
Rf5+ 47.Ke4 Rb5 48.Rd7 Rb4+ 49.Ke5 Rb3 50.Kf4 Rb5 51.g4 Rc5 52.Re7 Kf8 53.
Re5 Rc3 54.Kg5 Kf7 55.f4 Rc4 56.Rb5 Rc7 57.h5 gxh5 58.Kxh5 Kg7 59.Kg5 Rd7 
60.f5 Rc7 61.Rb6 Rd7 62.Rg6+ Kf7 63.Rh6 Rd4 64.Rh7+ Kg8 65.Rc7 Rb4 66.Kh5 
Rf4 67.Kg5 Rb4 68.f6 Kh8 69.Kh5 Rb8 70.g5 Rf8 71.Kh6 Kg8 72.Kg6 Rb8 73.
Rg7+ Kh8 74.Rh7+ Kg8 1-0